000 01109cam a2200337 4500
008 090401t1996 xxu||||| |||| 00| 0 eng d
020 _a072772519X
035 _a(Sirsi) u55018
041 _aeng
050 _a690.22
100 _aDavies, V.J.
245 _aConstruction safety handbook.
250 _a2nd ed.
260 _aLondon
_bThomas Telford
_c1996
300 _a303p. : ill. ; 24cm.
350 _a50
520 _aUpdated to take into account recent changes in legislation, this book provides guidance on construction health and safety law and policies. Details the common hazards associated with construction work and how to go about reducing these risks.
650 _aCONSTRUCTION (DESIGN AND MANAGEMENT) REGULATIONS 1994
650 _aCONSTRUCTION SITES
650 _aFIRST AID
650 _aHEALTH AND SAFETY
_96244
650 _aLAW
650 _aPROTECTIVE CLOTHING
650 _aSCAFFOLDING
650 _aSITE MANAGEMENT
650 _aSITE SAFETY
690 _aBUILT ENVIRONMENT-BUILDING STANDARDS
700 _aTomasin, K.
942 _n0
948 _c04/03/1997
999 _c93537
_d93537